Fundamento de la fe: para el 4 to año de humanidades
Tallennettuna:
| Päätekijä: | |
|---|---|
| Aineistotyyppi: | Kirja |
| Kieli: | espanja |
| Julkaistu: |
Santiago
Imprenta de San José
1918
|
| Aiheet: | |
| Tagit: |
Lisää tagi
Ei tageja, Lisää ensimmäinen tagi!
|
MARC
| LEADER | 00000nam a2200000 a 4500 | ||
|---|---|---|---|
| 001 | UCH2697 | ||
| 003 | CL-VaPUC | ||
| 008 | 090624e19180000CL |||||||||||||||||spa|d | ||
| 082 | 0 | 4 | |a 234.23 |b ROD |2 21 |
| 100 | 0 | |a Rodríguez V., Roberto J |e author |9 537695 | |
| 245 | 1 | 0 | |a Fundamento de la fe: para el 4 to año de humanidades |
| 300 | |a 92 p | ||
| 942 | |c BK | ||
| 945 | |d 20090624 00:00:00 |a rbrito | ||
| 260 | |a Santiago |b Imprenta de San José |c 1918 | ||
| 650 | 0 | |a Fe |9 308036 | |
| 650 | 0 | |a Teología |9 258766 | |
| 650 | 0 | |a Conceptos morales |9 310606 | |
| 650 | 0 | |a Creencia Religiosa |9 316904 | |
| 650 | 0 | |a Cristianismo |9 257361 | |
| 650 | 0 | |a Enseñanza de la religión |9 432005 | |
| 583 | |a last modification |c 20090624 00:00:00 |k Rodrigo Vera | ||
| 999 | |c 334412 |d 334410 | ||
| 952 | |0 0 |1 0 |4 0 |6 234_230000000000000_ROD_1918 |7 0 |8 X |9 423404 |a FDOBUD |b FDOBUD |d 2019-11-22 |i 4558383 |o 234.23 ROD 1918 |p 4558383 |r 2019-11-22 |w 2019-11-22 |y BK_X |k BUD | ||